000
00268nam a2200109Ia 4500
008
230907s9999||||xx |||||||||||||| ||und||
082
_a
621.319
_b
KRE
245
0
_a
Industrial High Voltage;
260
_a
Delft University Press,
_c
1991
300
_a
171 p.
942
_c
BK
999
_c
598598
_d
598598